Дело о вознаграждении за чтение лекций в Томском университете

Доступно только в Электронных читальных залах Найти на картеНа карте
RUSMARC
00003729nmc2a22000003x 450
0011cf9375f-c6c7-4db3-942e-c3775c544991
00520181024011404.0
100##$a20161017l19091911k l0rusy0189 ca
1010#$arus
102##$aRU
2001#$aДело о вознаграждении за чтение лекций в Томском университете
$j12 января 1909 г. - 10 марта 1911 г.
251##$cДело
300##$aДело
801#0$aRU
$bРГИА
$c20161017
$gRCR
801#1$aRU
$bГлавНИВЦ
$c20161017
$2rusmarc
801#2$aRU
$bПБ им. Б.Н. Ельцина
$c20181024
$gRCR
$2rusmarc
850##$aРГИА
852##$aРГИА
$eФедеральное казенное учреждение "Российский государственный исторический архив" (РГИА)
$j364
937##$hРГИА
$d12222657
$aASBIBLIO_SCAN
462#0$100126b40e11-af91-4857-a996-d385742ed9e4
$12001
$aДела по ученым учреждениям и высшим учебным заведениям Департамента народного просвещения за 1908-1910 гг.
$1251
$cОпись
$1852
$j154
461#0$1001a74412a3-3cc5-4d21-8f0a-dfe2fbd9e72d
$12001
$aДепартамент народного просвещения Министерства народного просвещения (1803-1917)
$1251
$cФонд
$1852
$j733
215##$a33 л.
$d36,5х26 см
371##$aДокумент не является опубликованным и широко распространяемым
105##$ay###
1222#$ad
035##$a1cf9375f-c6c7-4db3-942e-c3775c544991
856##$uhttp://readingroom.main.prlib.ru/item.aspx?id_node=n119856958&mode=full
Формат отображения